| 000 | 00406nam a22001691a 4500 | ||
|---|---|---|---|
| 020 | _a9788130011165 | ||
| 082 |
_aM3 _bPAR/A |
||
| 100 | _aParappurathu | ||
| 245 |
_aAranazhikaneram/ _cby Parappurathu |
||
| 250 | _a6th. | ||
| 260 |
_aKozhikode: _bPoorna Publications, _c2023. |
||
| 300 | _a268p. | ||
| 650 | _aNovel Malayalam | ||
| 650 | _aLiterature Malayalam | ||
| 650 | _aLiterature | ||
| 942 | _cBK | ||
| 999 |
_c182049 _d182049 |
||